000 00616nam a22002297a 4500
001 00028924
005 20260428183708.0
008 260428b ag ||||| |||| 00| 0 spa d
020 _a8441300747
040 _aAR-CcCEOS
_bspa
_cAR-CcCEOS
041 _aspa
080 _a94"16/17"
090 _bGAY v.2
100 1 _aGay, Peter,
_d1923-2015
_91140
245 _aLa edad de las luces :
_bVolumen II /
_cPeter Gay
264 _aBarcelona :
_bFolio,
_c1995.
300 _a184 p. ;
_c24x18 cm.
490 _vAtlas culturales del mundo
650 0 _ahistoria
_990
655 0 _aarte
_9138
942 _2udc
_cBK
_n0
999 _c28976
_d28976